| 000 | 00581nam a2200193Ia 4500 | ||
|---|---|---|---|
| 003 | GCL | ||
| 008 | 140319s9999 xx 000 0 ara d | ||
| 040 |
_aGCL / _cGCL |
||
| 082 | 0 | 4 |
_a822.008 _bش س |
| 100 | 1 | _aنظير عبود | |
| 245 | 1 | 0 |
_aسمبلين / _cنظير عبود |
| 700 | 1 | _aانطوان رزق الله مشاطى | |
| 700 | 1 | _aشكسبير، ويليام | |
| 260 |
_aبيروت : _bدار نظير عبود ، _c1989 |
||
| 300 |
_a173ص ؛ _c18سم |
||
| 490 |
_aوليم شكسبير _v0 |
||
| 650 | 0 | 4 | _aالمسرح الانجليزى |
| 942 |
_2ddc _cBK |
||
| 999 |
_c57464 _d57464 |
||